Chanson de Bigflo et Oli par image #1 - Statistiques

Statistiques générales
  • Ce quiz a été pris 145 fois
  • Le résultat moyen est 13 sur 26
Statistiques - réponses
Par images Réponse % Correct
Copier/ Coller
87%
Trèfle
82%
Château de sable
80%
Salope !
78%
Booba
76%
Cigarette
76%
Sur la lune
76%
Sac à dos
72%
Stade
70%
Le bouchon
62%
La tempête
56%
Mytho
56%
La cour des grands
55%
Ferme les yeux
50%
Monsieur tout le monde
49%
Raccroche
47%
Dans mon lit
46%
Miroir
46%
Super héros
46%
Le philosophe sans la barbe
29%
Bons élèves
25%
Le bijoutier
21%
Promesses
18%
Le son préféré de mes potes
17%
Ca coûte rien
15%
Début d'empire
9%
Aucun quiz correspondant
Distribution des résultats
% des personnes avec chaque résultat
Percentile par nombre de réponses
Votre historique - résultats
Vous n’avez pas pris ce quiz